Perverts by official order : the campaign against homosexuals by the United States Navy /

Guardat en:
Dades bibliogràfiques
Autor principal: Murphy, Lawrence R. (Autor)
Format: Llibre
Idioma:anglès
Publicat: New York ; London : The Harworth press, c1988
Col·lecció:Journal of Homosexuality 1
Etiquetes: Afegir etiqueta
Sense etiquetes, Sigues el primer a etiquetar aquest registre!

MARC

LEADER 00000nam a22000007i 4500
001 IT\ICCU\TSA\0013159
003 ItRI
005 20251006170602.0
008 960702s1988 xxu|||||| ||||| |||||c
020 |a 0866567089 
040 |b ita  |c ct 
041 7 |a eng  |2 ISO-639-2 
100 1 |a Murphy, Lawrence R.  |0 IT\ICCU\MILV\018059  |4 aut 
245 1 0 |a Perverts by official order :  |b the campaign against homosexuals by the United States Navy /  |c Lawrence R. Murphy. 
260 |a New York ;  |a London :  |b The Harworth press,  |c c1988 
300 |a XIII, 340 p. :  |b ill. ;  |c 24 cm. 
490 |a Journal of Homosexuality  |v 1 
942 |2 ddc  |c BK 
952 |0 0  |1 0  |2 ddc  |4 0  |6 B_SIS03MURLAPER11  |7 0  |9 5650  |a MI  |b MI  |d 1989-01-15  |i 1543  |l 0  |o B-SIS03-MURLA-PER11  |p CDOM1543  |r 2025-07-13 16:28:00  |w 2025-07-13  |y BK 
981 1 |6 z01  |a i   |b xxxe  
982 1 |6 z01  |a n 
999 |c 4501  |d 4501